Central Library OPAC University of Rajshahi

بستان المحدثين # # Bustān al-muḥaddis̲īn./ (Record no. 80317)

MARC details
000 -LEADER
fixed length control field 01094cam a2200253 a 4500
001 - CONTROL NUMBER
control field 80317
003 - CONTROL NUMBER IDENTIFIER
rucl marc code BD-RjUL
005 - DATE AND TIME OF LATEST TRANSACTION
control field 20220908100255.0
008 - FIXED-LENGTH DATA ELEMENTS--GENERAL INFORMATION
fixed length control field 160521s1884 pk 000 0 per d
035 ## - SYSTEM CONTROL NUMBER
System control number (BD-RjUL)80317
040 ## - CATALOGING SOURCE
Original cataloging agency LGG
Language of cataloging eng
Transcribing agency LGG
Modifying agency OCLCO
-- OCLCA
-- OCLCQ
-- OCLCF
-- OCLCO
-- DLC
041 0# - LANGUAGE CODE
Language code of text/sound track or separate title per
-- urd
082 ## - DEWEY DECIMAL CLASSIFICATION NUMBER
Edition number 23
Classification number 297.125
Author mark and year DEB 1884
100 1# - MAIN ENTRY--PERSONAL NAME
Personal name دهلوي، عبد العزيز بن احمد,‏ # # Dihlawī, ʻAbd al-ʻAzīz ibn Aḥmad,
Dates associated with a name 1746 or 1747-1823 or 1824.
9 (RLIN) 4686
245 10 - TITLE STATEMENT
Title بستان المحدثين # # Bustān al-muḥaddis̲īn./
Statement of responsibility, etc. Shah Abdul Ajij dehlavi ; tarjumah Abdul Samey ## ،ترجمه عبد السميع ; شاه عبد العزيز بن دهلوي‏
260 ## - PUBLICATION, DISTRIBUTION, ETC. (IMPRINT)
Place of publication, distribution, etc. Karachi :
Name of publisher, distributor, etc. nur muhammad ,
Date of publication, distribution, etc. [1884]
300 ## - PHYSICAL DESCRIPTION
Pagination 226 pages ;
Size 22 cm
500 ## - GENERAL NOTE
General note Lithographed.
650 #0 - SUBJECT ADDED ENTRY--TOPICAL TERM
Topical term or geographic name as entry element Hadith
General subdivision Authorities.
9 (RLIN) 625
Topical term or geographic name as entry element Hadith
General subdivision Study and teaching
Form subdivision Bio-bibliography.
9 (RLIN) 4687
Topical term or geographic name as entry element Hadith
General subdivision Criticism, interpretation, etc.
Form subdivision Bio-bibliography.
9 (RLIN) 4688
Topical term or geographic name as entry element Hadith scholars
Form subdivision Bio-bibliography.
9 (RLIN) 4689
942 ## - ADDED ENTRY ELEMENTS (KOHA)
Source of classification or shelving scheme Dewey Decimal Classification
Koha item type Books
Holdings
Lost status Source of classification or shelving scheme Damaged status Not for loan Collection code Permanent Location Current Location Shelving location Date acquired Source of acquisition Cost, normal purchase price Total Checkouts Full call number Date last seen Copy number Koha item type
  Dewey Decimal Classification   Not For Loan Non-fiction Central Library, University of Rajshahi Central Library, University of Rajshahi Reading Room 30/04/1964 Urdu Library, Rajshahi 1.75   U 297.125 DEB 1884 08/09/2022 C-1 Books